| 000 | 01022nam0a22002651 4500 | ||
|---|---|---|---|
| 001 | v19\rc\1534093 | ||
| 005 | 20250618175549.0 | ||
| 035 | _a(NLR Aleph) 004653413 | ||
| 090 |
_a3452912 _c3452912 |
||
| 100 | _a20060620d1887 |||y0rusy50 ca | ||
| 101 | 1 |
_arus _cfre |
|
| 102 | _aRU | ||
| 105 | _aa z ||||| | ||
| 200 | 1 |
_aОсновы оперативной хирургии _eРуководство для студентов и врачей _fProf. L. Farabeuf _gПер. с фр. под ред. и с добавлениями проф. А.С. Таубера |
|
| 210 |
_aСанкт-Петербург _cК.Л. Риккер _d1887 |
||
| 215 |
_a[2], XIV, 986 с. _cил. _d20 |
||
| 700 | 1 |
_aФарабеф _bЛ.У. _f1841-1910 _gЛуи Убер |
|
| 702 | 1 |
_aТаубер _bА.С. _f1848-1908 _gАлександр Семенович _4340 |
|
| 801 | 0 |
_aRU _bNLR _gpsbo |
|
| 801 | 0 |
_aRU _bRuMoRGB _2psbo |
|
| 801 | 1 |
_aRU _bProSoft-M _2rusmarc |
|
| 852 |
_aNLR _jМд40/Б-3/2 |
||
| 899 |
_aRuMoRGB _jS 17/712 |
||
| 942 | _cBOOK | ||
| 980 | _aNB | ||